000 00699nam a22001937a 4500
999 _c104261
_d104261
005 20230216104958.0
010 _aUR-9534
020 _a9789350738214
_c200.00
035 _aU-8089
037 _bDBAD/PUB
082 _a841
100 _aقادری ، منیر محی الد ین
245 _aکلا م نہا ل /
_cمنیر محی الد ین قادری
246 _aKalam-e-Nehal /
_bBy Muneer Mohiuddin Quadri
260 _aدہلی
_bا یجو کیشنل پبلشنگ ہا ؤ س
_c2016 ء
270 _a٣١٩١،وکیل سٹریٹ،کچہ پنڈت ، لال کان
_bدھلی
_e110006
_k23216162
300 _a206 ص
_c22cm(Hb)
942 _2ddc
_cUR
_h841
_mق ا د